000 00683nam a22002177a 4500
999 _c180774
_d180774
005 20210817145709.0
010 _aENG-129878
020 _c1280.00
035 _aEN-113410
037 _bDBAD/PUB
082 _a382.091824
245 _aIndo-Pacific:
_cedited by Nutan Kapoor Mahawar,Vijay Sakhuja
250 _a2021
260 _aNew Delhi
_bKnowledge Publisher
_c2020
270 _bNew Delhi
_a4233/1, First Floor, Ansari Rd, nea, Daryaganj,
_e 110002
_k91-1123263498
_mproduction@kwpub.com
300 _avii;161p.
_c22cm (hbk)
500 _aincludes index
700 _a Kapoor Mahawar, Nutan
700 _aSakhuja,Vijay
942 _2ddc
_cEN
_kIND
_h158.1